000 00257nam a2200109Ia 4500
008 220204s9999 xx 000 0 und d
082 _a633
_bRAT
100 _aRather, Howard C
245 0 _aField crops
260 _aNew York
_bMcGraw Hill
_c1942
942 _cBK
999 _c23826
_d23826